000 00334nam a2200145Ia 4500
008 200615s9999||||xx |||||||||||||| ||und||
020 _a9788122434392
082 _a621.3
_bMIC-K
100 _aK.C.GUPTA
245 0 _aMICROWAVES
250 _a5TH
260 _anew delhi
_bNEW AGE INTERNATIONAL
_c2017
300 _a200
942 _cBK
999 _c28992
_d28992